[Event "Pan American Intercollegiate-chT"]
[Site "McAllen"]
[Date "2024.01.06"]
[Round "5.4"]
[White "Rahul, Srivatshav P"]
[Black "Stearman, Josiah P"]
[Result "0-1"]
[WhiteElo "2454"]
[BlackElo "2455"]
[PlyCount "92"]
[EventDate "2024.01.04"]
[EventType "team-swiss"]
[EventRounds "6"]
[EventCountry "USA"]
[SourceTitle "CB02_2024"]
[SourceDate "2024.01.10"]
[SourceVersion "1"]
[SourceVersionDate "2024.01.10"]
[SourceQuality "1"]
[WhiteTeam "Texas Dallas Univ II"]
[BlackTeam "Missouri Univ"]
[WhiteTeamCountry "USA"]
[BlackTeamCountry "USA"]

1. d4 d5 2. c4 dxc4 3. Nf3 Nf6 4. e3 e6 5. Bxc4 a6 6. 0-0 c5 7. Nc3 Nc6 8. a4 Be7 9. Qe2 cxd4 10. Rd1 0-0 11. exd4 Nb4 12. Bg5 Nfd5 13. Nxd5 Nxd5 14. Bxe7 Nxe7 15. Ne5 b6 16. Qe4 Ra7 17. Bd3 g6 18. h4 Bb7 19. Qg4 h5 20. Qg3 Bd5 21. Rac1 b5 22. axb5 axb5 23. Rc5 b4 24. Rdc1 Kg7 25. Qf4 Ba8 26. Kh2 Nd5 27. Qg3 Qf6 28. Be4 Nf4 29. Re1 Bxe4 30. Rxe4 Nd5 31. Nd3 Ra1 32. Nf4 Qf5 33. f3 Rd8 34. Rb5 Rd1 35. Rb7 Kg8 36. Nh3 Rd2 37. b3 Rf8 38. Ra7 Nc3 39. Re5 Qf6 40. Rxh5 Ne2 41. Qe5 Qxe5+ 42. Rxe5 Nxd4 43. Re3 Rc8 44. Ng5 Rcc2 45. Re4 Rxg2+ 46. Kh3 Nf5 0-1

[Event "World op 51st"]
[Site "Philadelphia"]
[Date "2023.07.03"]
[Round "6.4"]
[White "Antipov, Mikhail Al"]
[Black "Rahul, Srivatshav P"]
[Result "1-0"]
[WhiteElo "2583"]
[BlackElo "2470"]
[PlyCount "99"]
[EventDate "2023.06.30"]
[EventType "swiss"]
[EventRounds "9"]
[EventCountry "USA"]
[SourceTitle "CBM 215 Extra"]
[Source "ChessBase"]
[SourceDate "2023.09.30"]
[SourceVersion "1"]
[SourceVersionDate "2023.09.30"]
[SourceQuality "1"]

1. e4 c5 2. Nf3 e6 3. b3 a6 4. c4 Nc6 5. Bb2 Qc7 6. Nc3 Nf6 7. g3 Nd4 8. Bg2 d6 9. 0-0 Be7 10. a4 0-0 11. d3 Bd7 12. h3 Bc6 13. Nxd4 cxd4 14. Na2 e5 15. Nb4 Nd7 16. a5 f5 17. Nxc6 bxc6 18. exf5 Rxf5 19. b4 Rb8 20. Qa4 Nf6 21. g4 Rg5 22. Qxc6 Qxc6 23. Bxc6 Rxb4 24. Rfb1 e4 25. Bxd4 Rxb1+ 26. Rxb1 exd3 27. Bxf6 gxf6 28. Bd5+ Kg7 29. f4 Rg6 30. Kf2 Kh6 31. Rb8 Rg7 32. Ke3 f5 33. g5+ Kh5 34. Kxd3 Kh4 35. Ke3 Kg3 36. h4 Kg4 37. Ra8 Kxh4 38. Kf3 Kh5 39. Rh8 Kh4 40. Bg8 h5 41. Bd5 Bxg5 42. fxg5 Rxg5 43. Kf4 Rg4+ 44. Kxf5 Rg3 45. Rh6 Ra3 46. Kf4 Rxa5 47. Rxd6 Ra3 48. Bf3 Rc3 49. Be2 Rc2 50. Rd1 1-0

[Event "Chesterfield SPICE Cup op"]
[Site "Chesterfield"]
[Date "2022.12.20"]
[Round "5"]
[White "Wu, Derek"]
[Black "Rahul, Srivatshav P"]
[Result "1/2-1/2"]
[WhiteElo "2248"]
[BlackElo "2498"]
[PlyCount "46"]
[EventDate "2022.12.18"]
[EventType "swiss"]
[EventRounds "9"]
[EventCountry "USA"]
[SourceTitle "CBM 212 Extra"]
[Source "ChessBase"]
[SourceDate "2023.03.31"]
[SourceVersion "1"]
[SourceVersionDate "2023.03.31"]
[SourceQuality "1"]

1. c4 Nf6 2. Nc3 g6 3. d4 Bg7 4. e4 d6 5. Nf3 0-0 6. Be2 e5 7. 0-0 Nc6 8. d5 Ne7 9. Ne1 Nd7 10. Nd3 f5 11. f3 f4 12. b4 g5 13. c5 Rf6 14. a4 h5 15. a5 Rg6 16. Kh1 Nf6 17. Rg1 g4 18. g3 fxg3 19. Rxg3 h4 20. Rg1 g3 21. hxg3 hxg3 22. Kg2 Nh5 23. Ra3 Qe8 1/2-1/2

[Event "US Masters op"]
[Site "Charlotte"]
[Date "2022.11.25"]
[Round "5"]
[White "Rahul, Srivatshav P"]
[Black "Sargsyan, Anna M"]
[Result "1-0"]
[WhiteElo "2498"]
[BlackElo "2384"]
[PlyCount "69"]
[EventDate "2022.11.23"]
[EventType "swiss"]
[EventRounds "9"]
[EventCountry "USA"]
[SourceTitle "CBM 211 Extra"]
[Source "ChessBase"]
[SourceDate "2023.01.31"]
[SourceVersion "1"]
[SourceVersionDate "2023.01.31"]
[SourceQuality "1"]

1. d4 Nf6 2. c4 e6 3. Nc3 Bb4 4. f3 d5 5. a3 Be7 6. e4 dxc4 7. Bxc4 c5 8. dxc5 Qxd1+ 9. Kxd1 Bxc5 10. b4 Be7 11. Bb2 Nc6 12. Nge2 Bd7 13. Kc2 Rc8 14. Bb3 0-0 15. Rhd1 Ne5 16. Rac1 a5 17. bxa5 Bb5 18. Nd4 Ba6 19. Nxe6 fxe6 20. Bxe6+ Kh8 21. Bxc8 Rxc8 22. Kb1 Nc4 23. e5 Ng8 24. Ne4 Rf8 25. Rd7 h6 26. Nd6 Nxa5 27. Rcc7 Nc6 28. Nxb7 Bxb7 29. Rxb7 Ra8 30. Rdc7 Ra6 31. f4 g6 32. e6+ Kh7 33. g4 h5 34. g5 h4 35. h3 1-0

[Event "Cattolica op-A"]
[Site "Cattolica"]
[Date "2022.06.09"]
[Round "6"]
[White "Safarli, Eltaj"]
[Black "Rahul, Srivatshav P"]
[Result "1/2-1/2"]
[WhiteElo "2601"]
[BlackElo "2468"]
[PlyCount "78"]
[EventDate "2022.06.04"]
[EventType "swiss"]
[EventRounds "9"]
[EventCountry "ITA"]
[SourceTitle "EXT 2023"]
[Source "ChessBase"]
[SourceDate "2022.10.05"]
[SourceVersion "1"]
[SourceVersionDate "2022.10.05"]
[SourceQuality "1"]

1. e4 e5 2. Nf3 Nf6 3. Nxe5 d6 4. Nf3 Nxe4 5. Qe2 Qe7 6. d3 Nf6 7. Bg5 Qxe2+ 8. Bxe2 Be7 9. Nc3 0-0 10. 0-0-0 h6 11. Bh4 Re8 12. Rhe1 Nbd7 13. Nd4 c6 14. Bf1 g6 15. Ne4 Kf8 16. Bg3 Nxe4 17. dxe4 Nb6 18. Kb1 d5 19. exd5 Nxd5 20. Nb5 Rd8 21. Bc4 Bf5 22. Bxd5 cxd5 23. Nd4 Bd7 24. a3 Rac8 25. Rd3 Bc5 26. Bf4 g5 27. Bd2 Bxd4 28. Rxd4 Bf5 29. Bb4+ Kg8 30. Bc3 Rc4 31. Re5 Be6 32. h4 gxh4 33. Rh5 Kh7 34. Rdxh4 Rxh4 35. Rxh4 Rg8 36. Rh2 Kg6 37. Kc1 Re8 38. Rh4 Bf5 39. Kd2 Re4 1/2-1/2

[Event "Cattolica op-A"]
[Site "Cattolica"]
[Date "2022.06.04"]
[Round "1"]
[White "Rahul, Srivatshav P"]
[Black "Ojas, Kulkarni"]
[Result "1/2-1/2"]
[WhiteElo "2468"]
[BlackElo "2226"]
[PlyCount "46"]
[EventDate "2022.06.04"]
[EventType "swiss"]
[EventRounds "9"]
[EventCountry "ITA"]
[SourceTitle "EXT 2023"]
[Source "ChessBase"]
[SourceDate "2022.10.05"]
[SourceVersion "1"]
[SourceVersionDate "2022.10.05"]
[SourceQuality "1"]

1. d4 Nf6 2. c4 g6 3. Nc3 d5 4. cxd5 Nxd5 5. e4 Nxc3 6. bxc3 Bg7 7. Nf3 c5 8. Be3 Bg4 9. Rc1 Bxf3 10. gxf3 Qa5 11. Qb3 0-0 12. dxc5 Na6 13. Be2 Rac8 14. Qxb7 Nxc5 15. Qb5 Bxc3+ 16. Kf1 Ne6 17. Qxa5 Bxa5 18. Kg2 Bb6 19. Bc4 Rfd8 20. Bxe6 fxe6 21. Kg3 Bxe3 22. fxe3 Kf7 23. a4 Kf6 1/2-1/2

[Event "Cattolica d'Estate op-A 2nd"]
[Site "Cattolica"]
[Date "2022.06.01"]
[Round "5"]
[White "Rahul, Srivatshav P"]
[Black "Esipenko, Andrey"]
[Result "1/2-1/2"]
[WhiteElo "2458"]
[BlackElo "2709"]
[PlyCount "36"]
[EventDate "2022.05.30"]
[EventType "swiss"]
[EventRounds "9"]
[EventCountry "ITA"]
[SourceTitle "CBM 209 Extra"]
[Source "ChessBase"]
[SourceDate "2022.09.30"]
[SourceVersion "1"]
[SourceVersionDate "2022.09.30"]
[SourceQuality "1"]

1. d4 Nf6 2. c4 e6 3. Nc3 Bb4 4. Qc2 d5 5. cxd5 exd5 6. Bg5 0-0 7. e3 c5 8. dxc5 h6 9. Bh4 Be6 10. Nf3 Nbd7 11. Be2 Rc8 12. 0-0 Nxc5 13. Nd4 Nce4 14. Qa4 Bxc3 15. bxc3 a6 16. Qb4 b5 17. a4 Nxc3 18. axb5 Nxe2+ 1/2-1/2

[Event "Cattolica d'Estate op-A 2nd"]
[Site "Cattolica"]
[Date "2022.06.01"]
[Round "4"]
[White "Velikanov, Alexander"]
[Black "Rahul, Srivatshav P"]
[Result "0-1"]
[WhiteElo "2337"]
[BlackElo "2458"]
[PlyCount "60"]
[EventDate "2022.05.30"]
[EventType "swiss"]
[EventRounds "9"]
[EventCountry "ITA"]
[SourceTitle "CBM 209 Extra"]
[Source "ChessBase"]
[SourceDate "2022.09.30"]
[SourceVersion "1"]
[SourceVersionDate "2022.09.30"]
[SourceQuality "1"]

1. g3 Nf6 2. Bg2 d5 3. d3 e5 4. Nf3 Nc6 5. 0-0 Be7 6. c4 d4 7. b4 Nxb4 8. Nxe5 0-0 9. Nd2 Bd6 10. a3 Na6 11. Nef3 Re8 12. Nb3 c5 13. e3 dxe3 14. Bxe3 Bf5 15. Nh4 Bg4 16. Qc2 Qd7 17. Rfe1 Rac8 18. d4 cxd4 19. Bxd4 Be6 20. Bxf6 gxf6 21. Rad1 Rxc4 22. Qe2 Rcc8 23. Qf3 Bg4 24. Qxf6 Be7 25. Qh6 Bxd1 26. Be4 f5 27. Nxf5 Bf8 28. Qg5+ Kh8 29. Nbd4 Nc5 30. Rxd1 Nxe4 0-1

[Event "Cattolica d'Estate op-A 2nd"]
[Site "Cattolica"]
[Date "2022.05.31"]
[Round "2"]
[White "Rahul, Srivatshav P"]
[Black "Pantsulaia, Levan"]
[Result "1/2-1/2"]
[WhiteElo "2458"]
[BlackElo "2587"]
[PlyCount "108"]
[EventDate "2022.05.30"]
[EventType "swiss"]
[EventRounds "9"]
[EventCountry "ITA"]
[SourceTitle "CBM 209 Extra"]
[Source "ChessBase"]
[SourceDate "2022.09.30"]
[SourceVersion "1"]
[SourceVersionDate "2022.09.30"]
[SourceQuality "1"]

1. d4 Nf6 2. c4 c5 3. Nf3 cxd4 4. Nxd4 a6 5. g3 d5 6. Bg2 dxc4 7. Qa4+ Qd7 8. Qxc4 b5 9. Qb3 Bb7 10. Bxb7 Qxb7 11. Qf3 Qxf3 12. Nxf3 Nbd7 13. a4 b4 14. Be3 e5 15. Nbd2 Nd5 16. Nc4 Rc8 17. Rc1 Rd8 18. Ncxe5 Nxe3 19. fxe3 Nxe5 20. Nxe5 Bd6 21. Nd3 h5 22. 0-0 Rh6 23. Rf5 h4 24. Rc4 hxg3 25. hxg3 Bxg3 26. Rxb4 Re6 27. Rb7 Rxe3 28. Rbxf7 Bd6 29. Kf2 Re7 30. Rf8+ Kd7 31. Rxd8+ Kxd8 32. Ra5 Re6 33. Kf3 Bc7 34. Rd5+ Kc8 35. Rf5 Bb6 36. e4 Rd6 37. Nf4 Rd4 38. Rf8+ Kb7 39. Rf7+ Kc6 40. Rxg7 Rxa4 41. Rg6+ Kb5 42. e5 Bc7 43. Nd3 Rd4 44. Ke3 Rh4 45. e6 Bd6 46. Nf2 Kc4 47. Ne4 Rh3+ 48. Kd2 Bb4+ 49. Kc2 Rh2+ 50. Kb1 Re2 51. Rg4 Kb3 52. Rg3+ Kc4 53. Rg4 Kb3 54. Rg3+ Kc4 1/2-1/2

[Event "Cattolica Grandiscacchi op 2nd"]
[Site "Cattolica"]
[Date "2022.05.25"]
[Round "8"]
[White "Rahul, Srivatshav P"]
[Black "Martinovici, Ilie"]
[Result "1/2-1/2"]
[WhiteElo "2458"]
[BlackElo "2408"]
[PlyCount "45"]
[EventDate "2022.05.21"]
[EventType "swiss"]
[EventRounds "9"]
[EventCountry "ITA"]
[SourceTitle "CBM 208 Extra"]
[Source "ChessBase"]
[SourceDate "2022.07.31"]
[SourceVersion "1"]
[SourceVersionDate "2022.07.31"]
[SourceQuality "1"]

1. d4 Nf6 2. c4 e6 3. Nc3 Bb4 4. e3 0-0 5. a3 Bxc3+ 6. bxc3 b6 7. Bd3 Bb7 8. f3 Nc6 9. e4 e5 10. Ne2 d6 11. Bg5 Qe7 12. 0-0 h6 13. Bh4 g5 14. Bf2 Nh5 15. Qc2 Na5 16. c5 dxc5 17. dxc5 Rfd8 18. Rfd1 Bc8 19. c4 Be6 20. Qc3 f6 21. Rab1 Nb7 22. cxb6 cxb6 23. Qb4 1/2-1/2

[Event "Cattolica Grandiscacchi op 2nd"]
[Site "Cattolica"]
[Date "2022.05.24"]
[Round "6"]
[White "Rahul, Srivatshav P"]
[Black "Korneev, Oleg"]
[Result "1/2-1/2"]
[WhiteElo "2458"]
[BlackElo "2521"]
[PlyCount "100"]
[EventDate "2022.05.21"]
[EventType "swiss"]
[EventRounds "9"]
[EventCountry "ITA"]
[SourceTitle "CBM 208 Extra"]
[Source "ChessBase"]
[SourceDate "2022.07.31"]
[SourceVersion "1"]
[SourceVersionDate "2022.07.31"]
[SourceQuality "1"]

1. c4 e5 2. Nc3 Nf6 3. Nf3 Nc6 4. e3 Bb4 5. Qc2 Bxc3 6. bxc3 0-0 7. e4 d6 8. Be2 Re8 9. d3 h6 10. 0-0 a6 11. Rb1 Rb8 12. h3 Bd7 13. Be3 b5 14. cxb5 axb5 15. Nd2 Ne7 16. d4 Ng6 17. Rb2 d5 18. dxe5 Nxe5 19. Rfb1 c6 20. a4 dxe4 21. axb5 Nd3 22. Bxd3 exd3 23. Qxd3 Rxb5 24. Rxb5 cxb5 25. Ra1 Bc6 26. Qxd8 Rxd8 27. Ra6 Rc8 28. Bd4 Nd5 29. Ne4 Nb4 30. Nf6+ gxf6 31. cxb4 Kg7 32. Kh2 Kg6 33. h4 h5 34. f3 Rd8 35. Bxf6 Rd6 36. Bc3 Re6 37. Bd4 Bd5 38. Ra5 Bc4 39. Ra8 f6 40. Rg8+ Kf7 41. Rd8 Re8 42. Rxe8 Kxe8 43. Bxf6 Kf7 44. Bc3 Kg6 45. Kg3 Kf5 46. Kf2 Bd3 47. Kg3 Bc4 48. Kh3 Bf1 49. Kh2 Bc4 50. g3 Bd5 1/2-1/2

[Event "Cattolica Grandiscacchi op 2nd"]
[Site "Cattolica"]
[Date "2022.05.24"]
[Round "5"]
[White "Safarli, Eltaj"]
[Black "Rahul, Srivatshav P"]
[Result "1/2-1/2"]
[WhiteElo "2600"]
[BlackElo "2458"]
[PlyCount "54"]
[EventDate "2022.05.21"]
[EventType "swiss"]
[EventRounds "9"]
[EventCountry "ITA"]
[SourceTitle "CBM 208 Extra"]
[Source "ChessBase"]
[SourceDate "2022.07.31"]
[SourceVersion "1"]
[SourceVersionDate "2022.07.31"]
[SourceQuality "1"]

1. e4 e5 2. Nf3 Nf6 3. d4 Nxe4 4. Bd3 d5 5. Nxe5 Nd7 6. Nxd7 Bxd7 7. 0-0 Bd6 8. Nc3 Nxc3 9. bxc3 0-0 10. Qh5 f5 11. Re1 c6 12. Bg5 Qc7 13. Re3 g6 14. Qh4 Rae8 15. Rae1 Rxe3 16. Rxe3 Re8 17. Be7 b5 18. Qf6 Bxe7 19. Rxe7 Rxe7 20. Qxe7 Qc8 21. Kf1 a5 22. h4 Qe8 23. Qd6 a4 24. f3 Qe6 25. Qb8+ Qe8 26. Qd6 Qe6 27. Qb8+ Qe8 1/2-1/2

[Event "Junior Speed Qual 1"]
[Site "Chess.com INT"]
[Date "2022.03.31"]
[Round "2.2"]
[White "Aronyak, Ghosh"]
[Black "Rahul, Srivatshav P"]
[Result "1/2-1/2"]
[WhiteElo "2482"]
[BlackElo "2458"]
[PlyCount "95"]
[EventDate "2022.03.31"]
[EventType "k.o. (blitz)"]
[EventRounds "3"]
[EventCountry "USA"]
[SourceTitle "CBM 207 Extra"]
[Source "ChessBase"]
[SourceDate "2022.05.31"]
[SourceVersion "1"]
[SourceVersionDate "2022.05.31"]
[SourceQuality "1"]

1. c4 Nf6 2. Nc3 g6 3. g3 Bg7 4. Bg2 0-0 5. d4 d6 6. Nf3 c5 7. 0-0 Nc6 8. dxc5 dxc5 9. Be3 Qa5 10. Qa4 Qxa4 11. Nxa4 b6 12. Ng5 Bb7 13. Bxc5 h6 14. Ne4 Nxe4 15. Bxe4 Rac8 16. Be3 Ba6 17. Rac1 Nd4 18. Bxd4 Bxd4 19. Bd3 Rfd8 20. Rfd1 Kg7 21. b3 h5 22. h4 Bb7 23. Nc3 Bc6 24. Kf1 Rd6 25. Ne4 Bxe4 26. Bxe4 Rcd8 27. e3 Bc5 28. Rxd6 Rxd6 29. Ke2 a5 30. Bd5 e6 31. Bb7 Bb4 32. Rc2 Kf6 33. Be4 Ke5 34. Bd3 Kf6 35. Rc1 Kg7 36. Rg1 f5 37. f3 e5 38. Rd1 Kf6 39. Bc2 Rxd1 40. Kxd1 f4 41. g4 fxe3 42. Ke2 Bc5 43. Be4 g5 44. hxg5+ Kxg5 45. gxh5 Kxh5 46. a3 Bxa3 47. Kxe3 Bc5+ 48. Ke2 1/2-1/2

[Event "Junior Speed Qual 1"]
[Site "Chess.com INT"]
[Date "2022.03.31"]
[Round "2.6"]
[White "Aronyak, Ghosh"]
[Black "Rahul, Srivatshav P"]
[Result "1-0"]
[WhiteElo "2482"]
[BlackElo "2458"]
[PlyCount "99"]
[EventDate "2022.03.31"]
[EventType "k.o. (blitz)"]
[EventRounds "3"]
[EventCountry "USA"]
[SourceTitle "CBM 207 Extra"]
[Source "ChessBase"]
[SourceDate "2022.05.31"]
[SourceVersion "1"]
[SourceVersionDate "2022.05.31"]
[SourceQuality "1"]

1. Nf3 Nf6 2. d4 d5 3. Bf4 e6 4. e3 Bd6 5. Bg3 0-0 6. c4 c5 7. dxc5 Bxc5 8. Nc3 Nc6 9. a3 a5 10. Rc1 dxc4 11. Bxc4 Qe7 12. 0-0 Rd8 13. Qe2 e5 14. Ng5 Bg4 15. f3 Bh5 16. Bh4 Qe8 17. Bb5 Be7 18. Bf2 Bg6 19. Rfd1 Rxd1+ 20. Rxd1 h6 21. Nge4 Nxe4 22. Nxe4 Bxe4 23. fxe4 Rd8 24. Rd5 Rd6 25. Bg3 Qd8 26. Qd3 f6 27. Be1 Kh7 28. h3 Qb6 29. Bc4 a4 30. Rxd6 Bxd6 31. Qxd6 Qxe3+ 32. Bf2 Qc1+ 33. Bf1 Qxb2 34. h4 Qb1 35. Qd7 Qb2 36. h5 Qxa3 37. Qxb7 Nd4 38. Qd5 Qa1 39. Bxd4 exd4 40. Qf5+ Kg8 41. Qd5+ Kh7 42. Qf5+ Kg8 43. Kh2 Qc3 44. Qd5+ Kf8 45. Bc4 Ke7 46. Qc5+ Kd7 47. Bb5+ Ke6 48. Qd5+ Ke7 49. Qd7+ Kf8 50. Qe8# 1-0